[Event "RUS-ch"]
[Site "Elista"]
[Date "1996.??.??"]
[Round "5"]
[White "Sorokin, Maxim"]
[Black "Bareev, Evgeny"]
[Result "1-0"]
[WhiteElo "2550"]
[BlackElo "2655"]
[Annotator "Huebner,R"]
[PlyCount "89"]
[EventDate "1996.10.15"]
[EventType "swiss"]
[EventRounds "11"]
[EventCountry "RUS"]
[SourceTitle "CBM 056"]
[Source "ChessBase"]
[SourceDate "1997.02.01"]
[SourceVersion "1"]
[SourceVersionDate "1997.02.01"]
[SourceQuality "1"]

1. Nf3 d5 2. d4 Nf6 3. c4 c6 4. Nc3 dxc4 5. a4 Na6 6. e3 Bg4 7. Bxc4 e6 8. h3
Bh5 9. Qe2 Nb4 10. O-O Be7 11. g4 (11. Rd1 {war der bisher übliche Zug, vgl. Z.
Ribli, Slawisch D16-19, D16/5; Landa,K-Gretarsson,H, Velden op 1996, EXT 96
op2, und viele andere Partien auf der Datenbank. Der Textzug, mit dem Weiß zur
sofortigen Besitzergreifung des Zentrums schreitet, gefällt mir besser.}) 11...
Bg6 12. e4 Nd7 {Diesen Zug ist vermutlich gegen Sf3-e5 gerichtet; aber Schwarz
gibt mit ihm den Druck gegen e4 und d4 gleichzeitig auf. Es wird ihm
schwerfallen, c6-c5 oder e6-e5 unter befriedigenden Bedingungen durchzusetzen.}
({I} 12... Qc7 13. Ne5 {sieht sehr unerfreulich für Schwarz aus, aber}) ({II} 
12... O-O {war natürlicher:} 13. Bf4 (13. Rd1 c5 {kommt ungefähr auf das
Gleiche hinaus.}) 13... c5 14. Rfd1 {mit leichtem Vorteil für Weiß.}) 13. Bf4
O-O 14. Rad1 Re8 {Schwarz kann keinen wirksamen Plan finden. Er beschränkt
sich daher klug auf geschickte prophylaktische Verteidigungsmaßnahmen.} (14...
c5 15. d5 {wäre äußerst unerfreulich für ihn.}) 15. Bg3 h6 16. Ne1 Bh7 17. f4 (
17. Bb3 {ist wohl nicht wirksamer; Schwarz antwortet} Qb6) 17... Nb6 18. Bb3 c5
19. dxc5 Bxc5+ 20. Kh2 Qe7 21. f5 ({Auch ruhigere Fortsetzungen kamen in
Betracht: I} 21. a5 Nd7 22. e5 {mit der Absicht, Sc3-e4 folgen zu lassen.}) ({
II} 21. Nf3 {. In allen Fällen hat Weiß das bequemere Spiel.}) 21... Nc6 (21...
exf5 22. gxf5 Nd7 23. Nf3 Rac8 (23... Kh8 24. Qc4 {ist ebenfalls ungemütlich
für Schwarz.}) 24. Bh4 Bd6+ 25. Kh1 Nf6 26. Qg2 {führt zu gewaltigem Vorteil
für Weiß.}) (21... Rad8 {versprach vielleicht auch Entlastung. Der Textzug ist
jedoch plausibel; Schwarz kämpft um das Feld d4.}) 22. fxe6 (22. f6 gxf6 23.
Qd2 {verdient Erwägung.}) 22... fxe6 23. Nb5 {Jetzt hat Schwarz Mühe, die
Drohungen Sb5-c7 und Sb5-d6 zu parieren. Jetzt muß Schwarz sich mit den
Möglichkeiten Sb5-c7 und Sb5-d6 auseinandersetzen.} Kh8 {Andere Züge sind
nicht besser:} ({I} 23... Rac8 24. Bd6 (24. Nd6 Nd4 (24... Bxd6 25. Rxd6 $16)
25. Nxc8 Rxc8 26. Qd3 Nxb3 27. Qxb3 Bxe4 $44) (24. Nf3 Red8 25. Rxd8+ Nxd8 (
25... Rxd8 26. Nc7 $16) 26. Nxa7 Ra8 27. Nb5 Nxa4 $14) 24... Qg5 25. Nf3 Qe3
26. Qxe3 Bxe3 27. Rde1 Bg5 28. Nxg5 hxg5 29. Nc7 {und Weiß gewinnt.}) ({II} 
23... Rf8 24. Nd3 Rxf1 25. Rxf1 Nd4 26. Nxd4 Bxd4 27. Nf4 {mit erklecklichem
Vorteil für Weiß.}) ({III} 23... Rad8 24. Nc7 Nd4 25. Rxd4 Rxd4 (25... Bxd4 26.
a5 Na8 27. Nxe6 {ist nicht angenehmer für Schwarz.}) 26. Nxe6 Kh8 (26... Qxe6
27. Bxe6+ Rxe6 28. e5 {genügt nicht.}) 27. Nxd4 Bxd4 28. e5 {ist unerfreulich
für Schwarz.}) 24. Nc7 (24. Nf3 Rad8 25. Nc7 Rxd1 26. Rxd1 Rd8 {führt zum
Ausgleich.}) 24... Nd4 25. Rxd4 ({Nicht besser ist} 25. Qd3 Nxb3 26. Qxb3 Bxe4
$44 {mit gutem Gegenspiel für Schwarz.}) 25... Bxd4 26. Nxa8 ({Mit} 26. a5 Nd7
27. Nf3 Bc5 (27... e5 28. Nxd4 exd4 29. Rf7 Qb4 30. Nxa8 Qxb3 31. Rxd7 Rxa8 32.
Be5 $16) 28. Bxe6 Bd6 {erreicht Weiß nicht mehr.}) 26... Nxa8 27. Nf3 e5 28.
Rd1 (28. Bd5 Nb6 29. Nxd4 exd4 (29... Nxd5 30. exd5 exd4 31. Qxe7 Rxe7 32. d6
Rd7 33. Rf8+ Bg8 34. Kg2 {ist ungemütlich für Schwarz.}) 30. Rf7 Qb4 $44) 28...
Qb4 29. Qb5 (29. Bf7 Rf8 (29... Re7 30. Bxe5 $16) 30. Bd5 {kam in Betracht.})
29... Qxb5 30. axb5 Bxb2 31. Bd5 a6 $2 {Dies führt zu großen Schwierigkeiten..
Ebenfalls ungenügend ist} ({I} 31... Nc7 32. Bxb7 Nxb5 33. Bc6 (33. Rb1 Rb8 $11
) 33... Nc3 (33... Rb8 34. Nxe5 Nc3 35. Rd7 (35. Rd2 Bc1 $11) 35... Kg8 36. Nd3
Rb6 37. Be5 $18) 34. Rd2 Re6 35. Nxe5 Nxe4 36. Bxe4 Bxe5 37. Rd8+ Bg8 38. Bd5
$18) ({Versucht werden mußte II} 31... Re7 $5 {, zum Beispiel:} 32. Rd2 (32.
Bxb7 Rxb7 33. Rd8+ Bg8 34. Rxa8 Rxb5 $11) 32... Bc1 33. Rc2 Rc7 34. Ra2 Nb6 35.
Nxe5 (35. Bxe5 Nxd5 36. exd5 Rc5 37. Rxa7 (37. d6 Be4 $17) 37... Be4 $17) 35...
Nxd5 36. exd5 Rc2+ 37. Rxc2 Bxc2 38. d6 Kg8 $15) 32. Bxb7 axb5 33. Rb1 Bd4 $2 (
33... Ba3 34. Rxb5 Nc7 35. Rxe5 Rxe5 {bot bessere Aussichten auf Widerstand.})
34. Rxb5 Nc7 {Jetzt verliert Schwarz Material, aber auf andere Weise ist der
Springer nicht aus seiner Ecke zu befreien.} (34... Bg8 35. Bc6 Rf8 (35... Nc7
36. Rb7 Re7 37. Nxd4 $18) 36. Nxe5 $18) 35. Nxd4 $18 Nxb5 36. Nxb5 Re6 37. Bd5
Rb6 38. Nc3 Rb2+ 39. Kg1 Bg6 40. Bxe5 Be8 41. Bf4 Rc2 42. Nd1 Bb5 43. Ne3 Rc3
44. Kf2 Kh7 45. h4 1-0

[Event "EU-chT (Men) 15th"]
[Site "Gothenburg"]
[Date "2005.08.03"]
[Round "5.3"]
[White "Tikkanen, Hans"]
[Black "Claesen, Pieter"]
[Result "1-0"]
[WhiteElo "2316"]
[BlackElo "2384"]
[Annotator "Huebner,R"]
[PlyCount "67"]
[EventDate "2005.07.30"]
[EventType "team-swiss"]
[EventRounds "9"]
[EventCountry "SWE"]
[SourceTitle "CBM 109"]
[Source "ChessBase"]
[SourceDate "2005.11.14"]
[SourceVersion "1"]
[SourceVersionDate "2005.11.14"]
[SourceQuality "1"]
[WhiteTeam "Sweden III"]
[BlackTeam "Belgium"]
[WhiteTeamCountry "SWE"]
[BlackTeamCountry "BEL"]

1. d4 d5 2. c4 c6 3. Nf3 Nf6 4. Nc3 dxc4 5. a4 Na6 6. e3 {Dies ist ein
ziemlich zahmes Vorgehen, das dem Weißen keinen großen Vorteil verspricht.
Üblich ist} (6. e4) 6... Bg4 7. Bxc4 e6 8. O-O Nb4 9. a5 Be7 10. Qb3 Bxf3 11.
gxf3 b5 12. axb6 axb6 13. Bd2 O-O 14. Ne2 (14. Ne4 Nbd5 15. Nxf6+ Bxf6 16. Rxa8
Qxa8 17. e4 b5 {1/2-1/2 Bjerring,K-Grabow,S/Lyngby 1975/EXT 2000 (17).}) 14...
Nbd5 $6 {Danach kann Weiß einen Bauern gewinnen.} (14... c5 {ist gut genug für
Ausgleich.}) 15. e4 b5 16. Bd3 Nb6 17. Qc2 Rc8 {Dies ist wohl die beste Art,
den Bauern abzugeben: Schwarz strebt Gegenspiel mit c6-c5 an.} (17... Nfd7 18.
Qxc6 Ne5 19. dxe5 Qxd3 20. Qxb6 Qxe2 21. Qe3 {überläßt dem Weißen
Gewinnaussichten, ohne daß Schwarz Gegenspiel behält.}) 18. e5 Nfd7 19. Bxh7+
Kh8 20. Bd3 b4 $5 ({Die Fortsetzung} 20... c5 21. f4 ({Die Folge} 21. Bxb5 cxd4
22. Qe4 Nxe5 {braucht Schwarz nicht zu fürchten.}) 21... cxd4 (21... c4 22. Be4
f5 23. Bg2 b4 24. Ra5 Qe8 25. Rfa1 {ist auch unerfreulich für Schwarz.}) 22.
Qd1 {verursacht dem Schwarzen Ungelegenheiten.}) 21. Ba6 {Dieser Seitensprung
mutet seltsam an. Konsequenter sieht} (21. f4 {zur Deckung von e5 aus. Nach} g6
22. Qb3 c5 23. Rfc1 Kg7 24. Be3 {behält Weiß Druck.}) 21... Rc7 22. Rfc1 g6 23.
Be3 (23. Nf4 Kg7 24. Kh1 Rh8 25. Rg1 Nf8 26. Be3 {sieht konsequenter aus.})
23... Kg7 24. Qe4 $6 ({Immer noch scheint mir} 24. Nf4 Rh8 25. Kh1 {das
angewiesene Verfahren zu sein.}) 24... Nd5 25. Kh1 Rh8 26. Rg1 c5 $6 (26... Rh4
{führt zu ganz befriedigendem Spiel für Schwarz, denn nach} 27. f4 (27. Rg4 {
scheitert an} Rxg4 28. fxg4 Ra7 {mit Figurengewinn.}) 27... c5 {hat Schwarz
alles erreicht, was er anstrebt.}) 27. Bd3 cxd4 $2 {Gegen die Drohung 28.Tg6:+
gibt es mehrere Verteidigungsmöglichkeiten; mir scheint am besten zu sein} (
27... Rh4 28. Rg4 (28. Rxg6+ fxg6 29. Qxg6+ Kh8 30. Bh6 Qg8 31. Qxg8+ Kxg8 32.
Rg1+ Kf7 33. Bg6+ Kg8 34. Bd3+ Kh8 35. Bg7+ Kg8 36. Bh6+ {führt zum Remis.})
28... c4 {mit durchaus unklarer Lage.}) 28. Rxg6+ $18 Kf8 {Dies ist
hoffnungslos.} ({Auf} 28... fxg6 {folgt jedoch} 29. Qxg6+ Kf8 30. Bh6+ Rxh6 31.
Qxh6+ {nebst matt.}) 29. Rh6 (29. Bh6+ Ke8 30. Nxd4 {ist mindestens ebenso
wirksam.}) 29... Rxh6 (29... Rg8 30. Rg1 f5 31. exf6 Rxg1+ 32. Kxg1 Bxf6 {
leistet auch keinen wesentlichen Widerstand.} 33. Nxd4 {usw.}) 30. Bxh6+ Ke8
31. Nxd4 Bh4 ({Auch nach} 31... Qb8 32. Qh7 Bf8 33. Qh8 {dringt der Angriff
des Weißen rasch durch.}) 32. Nxe6 fxe6 33. Qg6+ Ke7 34. Qg7+ 1-0

[Event "EU-Cup 18th"]
[Site "Kallithea"]
[Date "2002.09.27"]
[Round "6.4"]
[White "Naumann, Alexander"]
[Black "Asmundsson, Ingvar"]
[Result "1-0"]
[WhiteElo "2507"]
[BlackElo "2338"]
[Annotator "Huebner,R"]
[PlyCount "55"]
[EventDate "2002.09.22"]
[EventType "team-swiss"]
[EventRounds "7"]
[EventCountry "GRE"]
[SourceTitle "CBM 092"]
[Source "ChessBase"]
[SourceDate "2003.02.06"]
[SourceVersion "1"]
[SourceVersionDate "2003.02.06"]
[SourceQuality "1"]
[WhiteTeam "Hohenems"]
[BlackTeam "Reykjavik Hellir"]
[WhiteTeamCountry "AUT"]
[BlackTeamCountry "ISL"]

1. d4 d5 2. c4 c6 3. Nf3 Nf6 4. Nc3 dxc4 5. a4 c5 {Dies ist nicht oft versucht
worden, ist aber möglicherweise recht gut spielbar.} 6. e4 Bg4 {Dies ist
anscheinend neu. Üblich war bisher:} (6... cxd4 7. Qxd4 Qxd4 8. Nxd4 e5 ({
Offenbar hat folgendes Beispiel dazu geführt, daß es lange niemanden verlockte,
dieses Abspiel zu versuchen:} 8... e6 9. Ndb5 Na6 10. Bxc4 Bc5 11. Bf4 Ke7 12.
O-O Bd7 13. e5 Nh5 14. Be3 Rhc8 15. Be2 g6 16. Ne4 Bxe3 17. fxe3 Rc2 18. Nbd6
Rf8 19. Bxa6 bxa6 20. g4 Ng7 21. Nf6 Bc6 22. Rfc1 {1-0 Boleslavsky,I-Smyslov,V/
Budapest 1950/Candidates (22).}) 9. Ndb5 Na6 10. Bxc4 Bb4 (10... Bc5 11. Bg5
Be6 12. Bxe6 {1/2-1/2 Nosenko,A-Duncan,C/Monmouth 2001/EXT 2002 (12).}) 11. O-O
O-O 12. Be3 b6 13. Rfd1 $14 {1/2-1/2 Sasikiran,K-Majella,Y/Jakarta 2001/CBM 83
(57). (56)}) 7. d5 e6 8. Bxc4 exd5 9. Nxd5 Nc6 10. O-O Bd6 $6 (10... Be7 {
sieht verständiger aus.}) 11. Bg5 O-O 12. Qc1 $6 {Dies ergibt keinen Vorteil.
Plausibler ist die Fortsetzung} (12. Bxf6 gxf6 13. h3 Bxf3 (13... Be6 $6 14.
Nxf6+ Qxf6 15. Qxd6 {mit Bauerngewinn;}) (13... Bh5 14. g4 {mit Mehrläufer für
Weiß.}) 14. Qxf3 Be5 15. Rad1 $16) 12... Bxf3 13. Bxf6 gxf6 14. Qh6 Be5 15.
gxf3 Kh8 16. Kh1 Rg8 17. Rg1 Rg6 18. Qh5 Qf8 19. f4 Bd6 $2 {Den Schutz des
Bauern auf f6 darf Schwarz natürlich nicht aufgeben. Ich sehe nicht, was an} (
19... Bxb2 {falsch ist;} 20. Rab1 Bd4 21. Rxb7 $2 Rxg1+ 22. Kxg1 Qg7+ 23. Kf1
Rg8 24. Ke2 Qg1 {kann sich Weiß natürlich nicht erlauben.}) (19... Bd4 {
ist ebenfalls besser als der Textzug.}) 20. Rg3 Qg7 21. Rag1 Nd4 $2 (21... Rg8
{ist nötig.}) 22. e5 $18 fxe5 23. f5 Rh6 24. Rxg7 Rxh5 25. Nf6 Rxh2+ 26. Kxh2
Nf3+ 27. Kh3 (27. Kh1 {führt zum Matt, aber der Textzug tut es natürlich auch.}
) 27... Nxg1+ 28. Rxg1 1-0

[Event "Fraenkische GM 1st"]
[Site "Pulvermuehle"]
[Date "2000.01.16"]
[Round "4"]
[White "Gabriel, Christian"]
[Black "Zhu, Chen"]
[Result "0-1"]
[WhiteElo "2578"]
[BlackElo "2503"]
[Annotator "Huebner,R"]
[PlyCount "50"]
[EventDate "2000.01.12"]
[EventType "tourn"]
[EventRounds "9"]
[EventCountry "GER"]
[EventCategory "10"]
[SourceTitle "CBM 075"]
[Source "ChessBase"]
[SourceDate "2000.04.05"]
[SourceVersion "1"]
[SourceVersionDate "2000.04.05"]
[SourceQuality "1"]

1. d4 d5 2. c4 c6 3. Nf3 Nf6 4. Nc3 dxc4 5. a4 Na6 6. e4 Bg4 7. Be3 $6 {
Es gibt keinen Grund, mit dem in jedem Falle nötigen} (7. Bxc4 {zu warten.})
7... Qa5 8. Qd2 $6 (8. Qb1 {ist immerhin besser. Dafür gibt es ein Vorbild:}
Bxf3 9. gxf3 e5 10. dxe5 Qxe5 11. Bxc4 Bc5 12. Qa2 O-O 13. O-O-O Bxe3+ 14. fxe3
Qc5 15. Rhe1 Nb4 16. Qb3 b5 17. axb5 cxb5 18. Nxb5 Rab8 19. Na3 Rfc8 20. Kb1
Nc6 21. Qc3 Kf8 22. Rg1 Ne5 23. Rg5 Re8 24. Rf5 Qe7 25. Bb5 Rbc8 26. Nc4 Nxc4
27. Bxc4 Rc5 28. Rxc5 Qxc5 29. Qd4 Rc8 30. b3 a5 31. e5 Ne8 32. Qxc5+ Rxc5 33.
Rd7 Rc7 34. Rxc7 Nxc7 35. Kc2 {1-0 Lipinsky,F-Forchert,M/Germany 1998/EXT 99 
(35). Natürlich zwingt auch in dieser Partie der Aufbau, den Weiß wählte, kein
ehrfürchtiges Staunen ab.}) 8... Bxf3 9. gxf3 e5 10. dxe5 $2 (10. Bxc4 Rd8 11.
Rd1 exd4 12. Bxd4 Nb4 13. O-O {bot meines Erachtens bessere Aussichten,
ungeschunden davonzukommen.}) 10... Rd8 11. Qc1 Nd7 12. f4 Ndc5 ({Noch
überzeugender war vielleicht die Fortsetzung} 12... Nac5 13. Bxc4 Qb4 14. Be2
Nb3 15. Qb1 Nxa1 16. Qxa1 Bc5 {, aber anscheinend genügt der Textzug zum
Gewinn.}) 13. Bxc4 Qb4 14. Bxa6 Nb3 15. Bxb7 Qxb7 16. Qb1 Nxa1 17. Qxa1 Qa6 {
Der König des Weißen findet nun keinen Schlupfwinkel.} 18. Rg1 Bb4 19. Rxg7 Qd3
20. Bxa7 {Weiß hat keine konstruktiven Züge; er muß daher zu destruktiven
greifen.} Qxe4+ 21. Kf1 Bxc3 22. bxc3 c5 23. Bb6 Rd2 24. Qe1 Qh1+ 25. Rg1 Qd5
0-1

[Event "Copenhagen KS"]
[Site "Copenhagen"]
[Date "1996.??.??"]
[Round "1"]
[White "Parker, Jonathan"]
[Black "Hellsten, Johan"]
[Result "1/2-1/2"]
[WhiteElo "2470"]
[BlackElo "2490"]
[Annotator "Huebner,R"]
[PlyCount "75"]
[EventDate "1996.07.05"]
[EventType "tourn"]
[EventRounds "9"]
[EventCountry "DEN"]
[EventCategory "10"]
[SourceTitle "CBM 055"]
[Source "ChessBase"]
[SourceDate "1996.12.01"]
[SourceVersion "1"]
[SourceVersionDate "1996.12.01"]
[SourceQuality "1"]

1. d4 {Kanstler} d5 2. c4 c6 3. Nf3 Nf6 4. Nc3 dxc4 5. a4 Bg4 6. Ne5 Bh5 7. f3
Nfd7 8. Nxc4 e5 9. g3 Bb4 (9... f6 {Kanstler} 10. dxe5 Nxe5 11. Qxd8+ Kxd8 12.
Nxe5 fxe5 13. Bg5+ Kc7 14. O-O-O Nd7 15. Bh3 Be8 16. Be3 $1 $14 {Dautov,
R-Nikolic,P/Ter Apel/1994/1:0/50/}) 10. dxe5 O-O 11. Bh3 Qe7 12. Bf4 (12. f4 $5
Rd8 13. Qc2 f6 14. e6 $14 {Epishin-Pomes, Manresa 1995, Inf. 64/350; Z. Ribli,
Slawisch D16-19, S.53.} (14. e6 {Kanstler} Nc5 15. Ne3 $1 Nxe6 16. Nf5 Qd7 $2 (
16... Qe8 17. Qe4 Na6 18. Nh6+ gxh6 19. Bxe6+ Bf7 20. f5 h5 21. O-O $14 {
Epishin/}) 17. Be3 $2 (17. Qe4 $1 Bxc3+ 18. bxc3 Re8 19. Qc2 $1 {/\0-0,e4+/-/})
17... Na6 18. O-O Bf7 $10 {Epishin,V-Pomez,J/Manreza/1995/1:0/37/})) 12... Rd8
13. Qc2 (13. Qb3 $5 {Kanstler} Nc5 14. Qa2 Nbd7 15. O-O $14) 13... Bg6 14. Bf5
Nb6 15. Bxg6 hxg6 16. Nxb6 axb6 17. h4 (17. O-O $6 {Kanstler} g5 18. Be3 Bc5
$10) 17... Re8 (17... Nd7 18. Bg5 Qxe5 19. Bxd8 (19. f4 Qe3 $17) 19... Qxg3+
20. Kf1 Rxd8 21. Rd1 $16) 18. O-O (18. h5 $5 {Kanstler} g5 (18... gxh5 $6 19.
Rxh5 g6 20. Rh4 Nd7 21. Kf2 $1 {/\Rah1|^/}) 19. h6 $1 g6 (19... gxf4 $4 20.
hxg7 $18) (19... Bxc3+ $6 20. bxc3 g6 21. Be3 $1 $14) 20. Bd2 Qxe5 21. O-O-O
$13) 18... Qc5+ 19. Kg2 Bxc3 20. Qxc3 (20. bxc3 $6 Nd7 {Das Feld c4 ist
schwach.}) 20... Qxc3 21. bxc3 Nd7 22. Rfb1 Ra6 23. a5 Rea8 (23... bxa5 $5 24.
Rxb7 Nc5 $13 (24... Nxe5 {Kanstler} 25. Ra4 $14)) (23... Rxa5 {Kanstler} 24.
Rxa5 bxa5 25. Rxb7 Nxe5 26. Rc7 Re6 27. Kf2 Nc4 28. Rc8+ Kh7 29. Rd8 $14) 24.
Rd1 Nf8 25. Rab1 b5 26. c4 bxc4 27. Rxb7 Rxa5 28. Rb4 Rd5 29. Rc1 Nd7 30. Rbxc4
Nxe5 31. Bxe5 (31. Rc5 {Kanstler} Ra5 (31... Re8 $6 32. Rxd5 cxd5 33. Kf2 $14)
32. Rxd5 Rxd5 33. e4 Rb5 34. Bxe5 Rxe5 35. Rxc6 $14) 31... Rxe5 32. e4 Ra2+ 33.
Kh3 f5 34. Rxc6 fxe4 35. fxe4 Rxe4 36. Rxg6 Kh7 37. Rg5 Re7 38. Rh5+ 1/2-1/2

[Event "Sarajevo Bosnia 33rd"]
[Site "Sarajevo"]
[Date "2003.05.18"]
[Round "1"]
[White "Sokolov, Ivan"]
[Black "Dizdarevic, Emir"]
[Result "1-0"]
[WhiteElo "2677"]
[BlackElo "2491"]
[Annotator "Huebner,R"]
[PlyCount "55"]
[EventDate "2003.05.18"]
[EventType "tourn"]
[EventRounds "9"]
[EventCountry "BIH"]
[EventCategory "16"]
[SourceTitle "CBM 096"]
[Source "ChessBase"]
[SourceDate "2003.09.25"]
[SourceVersion "1"]
[SourceVersionDate "2003.09.25"]
[SourceQuality "1"]

1. d4 d5 2. c4 c6 3. Nf3 Nf6 4. Nc3 dxc4 5. a4 Qa5 6. Bd2 Qf5 {Diese
gekünstelte Spielweise flößt mir kein Vertrauen ein; aber vielleicht bin ich
altmodisch.} 7. e3 Be6 8. Be2 Nbd7 9. O-O h6 {Weiß hat sich einfach und solide
aufgebaut und in kluger Weise keinen Versuch gemacht, die Spielweise des
Schwarzen sofort zu widerlegen. Schwarz macht einen weiteren gekünstelten Zug;
offenbar gefällt ihm die Stellung nicht, die nach} (9... a5 10. Nh4 Qg5 11. g3
Bg4 12. f3 Bh3 13. e4 Qh5 14. Ng2 {entsteht. Indessen war dies vielleicht doch
das kleinere Übel.}) 10. a5 Rc8 $6 {Es war schon höchste Zeit, sich um die
Entwicklung des Königsflügels zu kümmern.} (10... Bd5 11. Nxd5 cxd5 12. b3 {
führt zum Vorteil für Weiß.}) (10... g5 11. Qa4 Bg7 {paßt am besten zur
bisherigen Spielweise des Schwarzen; es ist für Weiß noch nicht einfach,
größeren Vorteil nachzuweisen.}) 11. Qa4 Bd5 $2 (11... g5 {scheint mir noch
stets die angewiesene Fortsetzung zu sein.}) 12. Nxd5 Nxd5 $6 {Dies kommt der
positionellen Kapitulation gleich. Nach} (12... cxd5 {behält Weiß indessen
auch großen Vorteil:} 13. Ne5 g6 14. b3 Qc2 (14... c3 15. Rac1 Bg7 16. Nxd7
Nxd7 17. Bxc3 O-O 18. Qb4 {mit Bauerngewinn.}) (14... Bg7 15. bxc4 dxc4 16.
Bxc4 O-O 17. f4 {mit gewaltigem Druck.}) 15. Nxd7 Nxd7 16. bxc4 Qxa4 17. Rxa4 {
usw.}) 13. Bxc4 g5 14. Rfe1 b5 15. axb6 N5xb6 ({Die Folge} 15... N7xb6 16. Qa6
Nxc4 17. e4 Qd7 18. Qxc4 {hinterläßt den Schwarzen ebenfalls mit einer Ruine.})
16. Qa6 g4 {Schwarz läßt es nicht an Konsequenz fehlen.} 17. e4 Qh5 18. Ne5
Nxe5 19. dxe5 Bg7 20. e6 Be5 (20... f5 21. Qxa7 $18) 21. exf7+ Kf8 22. g3 Rd8
23. Rad1 Kg7 24. Ba2 Bd4 25. Qe2 Qg6 26. Bf4 Kh7 27. e5 e6 28. Bb1 1-0

[Event "EU-ch 2nd"]
[Site "Ohrid"]
[Date "2001.06.11"]
[Round "10"]
[White "Gausel, Einar"]
[Black "Blehm, Pawel"]
[Result "1-0"]
[WhiteElo "2480"]
[BlackElo "2530"]
[Annotator "Huebner,R"]
[PlyCount "57"]
[EventDate "2001.06.01"]
[EventType "swiss"]
[EventRounds "13"]
[EventCountry "YUG"]
[SourceTitle "CBM 084"]
[Source "ChessBase"]
[SourceDate "2001.09.13"]
[SourceVersion "1"]
[SourceVersionDate "2001.09.13"]
[SourceQuality "1"]

1. c4 Nf6 2. Nc3 c6 3. d4 d5 4. Nf3 dxc4 5. a4 Na6 6. e3 {Diese Fortsetzung
ist bescheiden und verspricht keinen großen Vorteil. Agressiver ist} (6. e4)
6... Bg4 7. Bxc4 e6 8. O-O Nb4 9. a5 Be7 10. Qe2 O-O 11. h3 Bh5 12. Rd1 (12. g4
Bg6 13. Ne5 c5 14. dxc5 Qc7 15. Nxg6 hxg6 16. b3 Qxc5 {mit etwa ausgeglichener
Stellung : 1/2-1/2 Jelling,E-Kroll,O/DEN 1989/EXT 2000 (40). (40)}) 12... b5
13. Bb3 Nd7 14. e4 Qc7 15. Be3 a6 16. Rac1 Qxa5 17. g4 Bg6 18. h4 h6 ({In
Betracht kommt auch} 18... h5 19. Ne5 Nxe5 20. dxe5 Rfd8 21. gxh5 Bh7 {Mir ist
nicht klar, wie die Lage einzuschätzen ist.}) 19. h5 Bh7 20. g5 Kh8 $6 ({
Mehr Vertrauen habe ich in die Fortsetzung} 20... hxg5 21. Nxg5 Qd8 {Schwarz
hat meines Erachtens genügend Verteidigungspotential.}) 21. Kh1 hxg5 22. Nxg5
Bxg5 $6 {Dieser Abtausch schafft beträchtliche Schwächen auf den schwarzen
Feldern.} (22... Qd8 23. Rg1 {bringt Schwarz jetzt nicht mehr weiter, aber}) (
22... Nf6 {bietet Widerstandsmöglichkeiten.}) 23. Bxg5 Rae8 $6 {`Schwarz
sollte sich um sofortiges Gegenspiel kümmern. Nach} (23... c5 24. Be7 Rfe8 25.
Bxc5 Nxc5 26. dxc5 Nc6 {ist der Kampf noch nicht entschieden.}) 24. Rg1 c5 $2 (
24... Rg8 {mußte versucht werden.}) 25. dxc5 Nxc5 26. Qe3 {Die Drohung 27.Lf6 
(27...Tg8 28.Dh6) in Verbindung mit der Drohung 27.Dxc5 hat entscheidende
Wirkung.} f6 $6 {Danach ist Schwarz sofort verloren, doch helfen andere Züge
nicht, stellen dem Weißen aber eine schwerere Aufgabe:} (26... Ncd3 {wird mit}
27. h6 (27. Bf6 {scheitert an} gxf6 28. Qh6 Nxf2+ 29. Kh2 Qc7+) 27... Bg6 (
27... g6 {wird mit} 28. Qd4+ e5 29. Qd6 {widerlegt}) 28. hxg7+ (28. e5 {
ist nicht besser:} Rg8 29. Ra1 Qc7 30. hxg7+ Rxg7 31. Bf6 Kg8 32. Bxg7 Kxg7 {
mit unklarer Lage.}) 28... Kxg7 29. Bh6+ Kh7 30. Bxf8 Rxf8 31. Rcd1 {
beantwortet; Weiß steht auf Gewinn, denn} Nxb2 {wird mit} 32. Rxg6 {widerlegt.}
) (26... Nbd3 27. h6 (27. Bc2 f6 (27... Nxc1 28. Bf6 $18) 28. h6 Rf7 29. hxg7+
Kg8 30. Bxd3 Nxd3 31. Qxd3 fxg5 32. Rxg5 Qd8 {ist nicht überzeugend.}) 27...
Bg6 28. Bc2 Nxc1 29. hxg7+ Kxg7 30. Bh6+ Kg8 31. Qxc5 Qd8 32. Qh5 Kh7 33. Qh2
Rh8 34. Bg5+ Kg7 35. Bxd8 Rxd8 36. Rxc1 {, und Weiß gewinnt.}) 27. h6 $18 Rf7 (
27... g6 {wird mit} 28. Qxc5 fxg5 29. Qe5+ {beantwortet.}) 28. hxg7+ Kg8 29.
Qxc5 1-0